| 000 | 00537 a2200157 4500 | ||
|---|---|---|---|
| 999 |
_c147 _d147 |
||
| 020 | _a9781107111226 | ||
| 050 | _aHD 5856.S6 BOL 2015 | ||
| 100 |
_aBolt Maxim _eauthor |
||
| 245 |
_aZimbabwe's Migrants and South's Border Farms: _bThe Roots of Impermanence / _cMaxim Bolt |
||
| 264 |
_aNew York : _bCambridge University Press., _c2015 |
||
| 300 |
_axviii; 247p.: _bill. |
||
| 440 | _aInternational African Library. | ||
| 500 | _aincludes references and index | ||
| 650 | _aMigrants agriculture Iaborers | ||
| 942 |
_2lcc _cBK _h5856.S6 _iBOL _kHD |
||